[Event "ESP tch Segunda División 2014"]
[Site "Linares ESP"]
[Date "2014.08.19"]
[Round "3.6"]
[White "Bas Mas, Jose Joaquin"]
[Black "Nava Pereda, Carlos"]
[Result "1-0"]
[WhiteElo "2278"]
[BlackElo "2284"]
[PlyCount "76"]
[EventDate "2014.08.18"]
[EventType "team-swiss"]
[EventRounds "6"]
[EventCountry "ESP"]
[Source "lmi"]
[SourceDate "2014.08.18"]
[WhiteTeam "C.A. MISLATA - INFORCHESS.COM"]
[BlackTeam "CONTENEO BILBAO HAITZAK"]

1. e4 e6 2. d4 d5 3. Nd2 c5 4. Ngf3 cxd4 5. Nxd4 Nf6 6. exd5 Nxd5 7. N2f3 Be7
8. a3 O-O 9. Bd3 Bf6 10. O-O e5 11. Ne2 Nc6 12. c4 Nc7 13. h3 g6 14. Nc3 Bg7
15. Be4 Ne6 16. Bd5 Ned4 17. Re1 h6 18. Be3 Be6 19. Rc1 Kh7 20. b4 a6 21. Bxe6
fxe6 22. Bxd4 exd4 23. Ne4 e5 24. Qd3 Qc7 25. Re2 Ne7 26. Nc5 Rf7 27. Ne6 Qd6
28. Nxg7 Rxg7 29. Rxe5 Nf5 30. c5 Qf8 31. Rce1 Rd8 32. h4 Kh8 33. h5 Re7 34.
hxg6 Rxe5 35. Rxe5 Ng7 36. Qd2 Ne8 37. Nh4 Rd7 38. Nf5 Nf6 1-0

[Event "ESP tch Segunda División 2014"]
[Site "Linares ESP"]
[Date "2014.08.19"]
[Round "3.6"]
[White "Dura Olmos, Gines Raul"]
[Black "Navarrete Espi, Samuel"]
[Result "0-1"]
[WhiteElo "2032"]
[BlackElo "2245"]
[PlyCount "64"]
[EventDate "2014.08.18"]
[EventType "team-swiss"]
[EventRounds "6"]
[EventCountry "ESP"]
[Source "lmi"]
[SourceDate "2014.08.18"]
[WhiteTeam "CONTENEO BILBAO HAITZAK"]
[BlackTeam "C.A. MISLATA - INFORCHESS.COM"]

1. e4 e5 2. Nf3 Nc6 3. Bb5 a6 4. Ba4 f5 5. exf5 e4 6. Qe2 Qe7 7. Bxc6 dxc6 8.
Nd4 Nh6 9. Nc3 Nxf5 10. Nxf5 Bxf5 11. O-O O-O-O 12. Re1 Re8 13. b3 Qe5 14. Qc4
Bd6 15. g3 h5 16. d4 Qf6 17. h4 Bh3 18. Re3 Rhf8 19. Qe2 Bg4 20. Qe1 Bf3 21.
Bb2 Qf5 22. Qf1 Qg4 23. Kh2 g5 24. Qh3 gxh4 25. Rae1 Kb8 26. Qxg4 hxg4 27. Ne2
Rh8 28. Kg1 hxg3 29. Nxg3 Bxg3 30. fxg3 Rh1+ 31. Kf2 Rh2+ 32. Kg1 Rg2+ 0-1

[Event "ESP tch Segunda División 2014"]
[Site "Linares ESP"]
[Date "2014.08.19"]
[Round "3.6"]
[White "Jordan Arenas, Manuel"]
[Black "Valdezate Suarez, Fernando"]
[Result "1-0"]
[WhiteElo "2148"]
[BlackElo "1968"]
[PlyCount "63"]
[EventDate "2014.08.18"]
[EventType "team-swiss"]
[EventRounds "6"]
[EventCountry "ESP"]
[Source "lmi"]
[SourceDate "2014.08.18"]
[WhiteTeam "C.A. MISLATA - INFORCHESS.COM"]
[BlackTeam "CONTENEO BILBAO HAITZAK"]

1. d4 Nf6 2. c4 g6 3. Nc3 Bg7 4. Bf4 O-O 5. e3 b6 6. Nf3 Bb7 7. Be2 d6 8. h3
Nbd7 9. O-O c5 10. d5 a6 11. e4 Ne8 12. Qd2 Nc7 13. Bh6 Bxh6 14. Qxh6 f6 15.
Rab1 b5 16. b4 cxb4 17. Rxb4 a5 18. Rbb1 b4 19. a3 bxc3 20. Rxb7 Nc5 21. Rbb1
Rb8 22. Nd4 Qd7 23. Qe3 Rxb1 24. Rxb1 Qa4 25. Qxc3 Nxe4 26. Qe3 f5 27. Rb7 Rc8
28. Nc6 Kf7 29. f3 e5 30. fxe4 Ke8 31. Bf1 Nxd5 32. cxd5 1-0

[Event "ESP tch Segunda División 2014"]
[Site "Linares ESP"]
[Date "2014.08.19"]
[Round "3.6"]
[White "Varas, Carlos"]
[Black "Garcia Roman, Daniel"]
[Result "0-1"]
[WhiteElo "2293"]
[BlackElo "2390"]
[PlyCount "64"]
[EventDate "2014.08.18"]
[EventType "team-swiss"]
[EventRounds "6"]
[EventCountry "ESP"]
[Source "lmi"]
[SourceDate "2014.08.18"]
[WhiteTeam "CONTENEO BILBAO HAITZAK"]
[BlackTeam "C.A. MISLATA - INFORCHESS.COM"]

1. e4 c5 2. Nf3 d6 3. d4 cxd4 4. Nxd4 Nf6 5. Nc3 g6 6. Be2 Bg7 7. O-O O-O 8.
Be3 Nc6 9. Nb3 Be6 10. f4 Rc8 11. Kh1 Na5 12. f5 Bc4 13. Bd3 Nxb3 14. axb3 Bxd3
15. Qxd3 a6 16. Bd4 Nd7 17. Bxg7 Kxg7 18. Rad1 Nf6 19. Qd4 Qa5 20. Nd5 Rxc2 21.
fxg6 fxg6 22. Nxe7 Qe5 23. Qxe5 dxe5 24. Kg1 Rxb2 25. Rd3 Rf7 26. Nc8 Nxe4 27.
Re1 Nc5 28. Rd5 Nxb3 29. Kh1 Rff2 30. Rg1 Nd4 31. Nd6 Nf3 32. Ne4 Rxg2 0-1

[Event "ESP tch Segunda División 2014"]
[Site "Linares ESP"]
[Date "2014.08.19"]
[Round "3.7"]
[White "Blazquez Gomez, Miguel"]
[Black "Cruz Lledo, Pablo"]
[Result "1-0"]
[WhiteElo "2063"]
[BlackElo "2371"]
[PlyCount "88"]
[EventDate "2014.08.18"]
[EventType "team-swiss"]
[EventRounds "6"]
[EventCountry "ESP"]
[Source "lmi"]
[SourceDate "2014.08.18"]
[WhiteTeam "CLUB AJEDREZ ALFARO"]
[BlackTeam "C.A. ALZIRA"]

1. b3 d5 2. Bb2 Nf6 3. Nf3 g6 4. g3 Bg7 5. Bg2 O-O 6. O-O c5 7. c4 d4 8. b4 Re8
9. d3 e5 10. bxc5 Nfd7 11. Nbd2 Nxc5 12. Nb3 Na4 13. Rb1 Bd7 14. Ba1 Bc6 15.
Nfd2 Qd7 16. Ne4 Na6 17. Na5 N4c5 18. Nxc6 bxc6 19. Bb2 Nxe4 20. Bxe4 f5 21.
Bg2 e4 22. Ba3 c5 23. Rb5 Bf8 24. Qb1 Qc6 25. e3 Nc7 26. Rb3 dxe3 27. fxe3 Bh6
28. dxe4 fxe4 29. Bb2 Rad8 30. Qe1 Ne6 31. Bh3 Ng7 32. Bg2 Qd7 33. Bf6 Rc8 34.
Qb1 Qe6 35. Bxg7 Bxg7 36. Rb7 Bh6 37. Kh1 Qxc4 38. Rxa7 Qe6 39. Qb7 Re7 40.
Qxe7 Qxe7 41. Rxe7 c4 42. Bxe4 c3 43. Bd5+ Kh8 44. Rff7 Bf8 1-0

[Event "ESP tch Segunda División 2014"]
[Site "Linares ESP"]
[Date "2014.08.19"]
[Round "3.7"]
[White "Gurrea Martinez, Jose Miguel"]
[Black "Ribera Cebolla, Marc"]
[Result "0-1"]
[WhiteElo "1884"]
[BlackElo "2059"]
[PlyCount "58"]
[EventDate "2014.08.18"]
[EventType "team-swiss"]
[EventRounds "6"]
[EventCountry "ESP"]
[Source "lmi"]
[SourceDate "2014.08.18"]
[WhiteTeam "CLUB AJEDREZ ALFARO"]
[BlackTeam "C.A. ALZIRA"]

1. e4 c5 2. Nc3 e6 3. d3 d5 4. g3 Nf6 5. Bg2 Be7 6. Nh3 dxe4 7. Nxe4 Nbd7 8.
O-O O-O 9. Nf4 Qc7 10. Qe2 Rd8 11. Re1 Nxe4 12. Qxe4 Nf6 13. Qe2 Bd6 14. Nh5
Nxh5 15. Qxh5 Bd7 16. Be4 f5 17. Bg2 Rf8 18. f4 Rae8 19. b3 e5 20. Bd5+ Be6 21.
Bxe6+ Rxe6 22. Bb2 Rh6 23. Qf3 exf4 24. Qd5+ Kh8 25. Be5 fxg3 26. hxg3 Bxe5 27.
Qxe5 Qc6 28. c4 Rh1+ 29. Kf2 Rh2+ 0-1

[Event "ESP tch Segunda División 2014"]
[Site "Linares ESP"]
[Date "2014.08.19"]
[Round "3.7"]
[White "Reig Albero, Ferran"]
[Black "Aliane Diez, Aaron"]
[Result "1-0"]
[WhiteElo "2063"]
[BlackElo "1804"]
[PlyCount "52"]
[EventDate "2014.08.18"]
[EventType "team-swiss"]
[EventRounds "6"]
[EventCountry "ESP"]
[Source "lmi"]
[SourceDate "2014.08.18"]
[WhiteTeam "C.A. ALZIRA"]
[BlackTeam "CLUB AJEDREZ ALFARO"]

1. e4 c6 2. d4 d5 3. exd5 cxd5 4. c4 Nf6 5. Nc3 Nc6 6. Nf3 Bg4 7. cxd5 Nxd5 8.
Qb3 Bxf3 9. gxf3 Nb6 10. Be3 e6 11. O-O-O Be7 12. Kb1 O-O 13. d5 exd5 14. Nxd5
Nxd5 15. Rxd5 Qc7 16. f4 Nb4 17. Rd4 Nc6 18. Rd1 Na5 19. Qa4 Nc6 20. Bg2 Rfd8
21. Rxd8+ Nxd8 22. Rc1 Qb8 23. Qe8+ Bf8 24. Bd5 b6 25. Bxa8 Qxa8 26. Rd1 Ne6
1-0

[Event "ESP tch Segunda División 2014"]
[Site "Linares ESP"]
[Date "2014.08.19"]
[Round "3.8"]
[White "Diaz Nuñez, Adolfo"]
[Black "Garcia Gomez, Jose Manuel"]
[Result "1-0"]
[WhiteElo "2253"]
[BlackElo "1782"]
[PlyCount "66"]
[EventDate "2014.08.18"]
[EventType "team-swiss"]
[EventRounds "6"]
[EventCountry "ESP"]
[Source "lmi"]
[SourceDate "2014.08.18"]
[WhiteTeam "HOTELAN.COM - BINISSALEM"]
[BlackTeam "PEÑA BARCELONISTA DE MELILLA"]

1. Nf3 d5 2. d4 e6 3. c4 Nf6 4. g3 b6 5. Bg2 Bb7 6. cxd5 Nxd5 7. O-O c5 8. Re1
cxd4 9. Qxd4 Qc7 10. Bd2 Nc6 11. Qa4 Bc5 12. Nc3 Nxc3 13. Bxc3 O-O 14. b4 Bd6
15. b5 Ne7 16. Rac1 Qb8 17. Red1 a6 18. Qd4 Nf5 19. Qxb6 Bc7 20. Qc5 Bd6 21.
Qc4 axb5 22. Qxb5 Rxa2 23. Qc4 Bd5 24. Rxd5 Qa7 25. Rd2 Ra4 26. Qd3 Bc5 27. e4
Ne3 28. Bd4 Bxd4 29. Nxd4 Ra3 30. Qe2 Nxg2 31. Kxg2 g6 32. Ra1 Ra4 33. Qd1 Ra8
1-0

[Event "ESP tch Segunda División 2014"]
[Site "Linares ESP"]
[Date "2014.08.19"]
[Round "3.8"]
[White "Diaz Sanchez, Jose Francisco"]
[Black "Ivanov, Jordan"]
[Result "0-1"]
[WhiteElo "1865"]
[BlackElo "2359"]
[PlyCount "76"]
[EventDate "2014.08.18"]
[EventType "team-swiss"]
[EventRounds "6"]
[EventCountry "ESP"]
[Source "lmi"]
[SourceDate "2014.08.18"]
[WhiteTeam "PEÑA BARCELONISTA DE MELILLA"]
[BlackTeam "HOTELAN.COM - BINISSALEM"]

1. e4 c5 2. Nf3 e6 3. d4 cxd4 4. Nxd4 Nc6 5. c4 Nf6 6. Nxc6 bxc6 7. Bd3 e5 8.
O-O Bc5 9. Nc3 d6 10. h3 Be6 11. Qe2 Rb8 12. Na4 Bd4 13. Be3 Bxe3 14. Qxe3 Qa5
15. b3 O-O 16. Rfd1 Rfd8 17. Be2 Qb4 18. Rac1 a5 19. Bf3 Nd7 20. Qc3 Qxc3 21.
Rxc3 Nc5 22. Nxc5 dxc5 23. Rcd3 Rd4 24. Rxd4 cxd4 25. Bg4 Bxg4 26. hxg4 f6 27.
Rb1 Kf7 28. Kf1 c5 29. a3 Ke6 30. Ke2 a4 31. b4 cxb4 32. axb4 a3 33. b5 Kd6 34.
Ra1 Ra8 35. Kd3 Kc5 36. g3 a2 37. f4 Ra3+ 38. Kd2 Rxg3 0-1

[Event "ESP tch Segunda División 2014"]
[Site "Linares ESP"]
[Date "2014.08.19"]
[Round "3.8"]
[White "Mascaro March, Pedro"]
[Black "Boutahar Belgasi, Tarik"]
[Result "1-0"]
[WhiteElo "2417"]
[BlackElo "1957"]
[PlyCount "50"]
[EventDate "2014.08.18"]
[EventType "team-swiss"]
[EventRounds "6"]
[EventCountry "ESP"]
[Source "lmi"]
[SourceDate "2014.08.18"]
[WhiteTeam "HOTELAN.COM - BINISSALEM"]
[BlackTeam "PEÑA BARCELONISTA DE MELILLA"]

1. d4 Nf6 2. Nf3 g6 3. c4 Bg7 4. Nc3 d5 5. Bg5 c6 6. e3 O-O 7. Bd3 Nbd7 8. O-O
dxc4 9. Bxc4 Nb6 10. Bb3 h6 11. Bh4 Bf5 12. Qe2 Ne4 13. Rfd1 g5 14. Nxe4 Bxe4
15. Bg3 e6 16. Ne5 Qe7 17. Qh5 f6 18. Qg4 Bf5 19. Qxf5 fxe5 20. Qxe6+ Qxe6 21.
Bxe6+ Kh8 22. Bxe5 Bxe5 23. dxe5 Rae8 24. Rd6 Kg7 25. g3 Re7 1-0

[Event "ESP tch Segunda División 2014"]
[Site "Linares ESP"]
[Date "2014.08.19"]
[Round "3.8"]
[White "Mohamed Garcia, Ismael"]
[Black "Nadal Marti, Bernardo Pedro"]
[Result "0-1"]
[WhiteElo "1720"]
[BlackElo "1932"]
[PlyCount "64"]
[EventDate "2014.08.18"]
[EventType "team-swiss"]
[EventRounds "6"]
[EventCountry "ESP"]
[Source "lmi"]
[SourceDate "2014.08.18"]
[WhiteTeam "PEÑA BARCELONISTA DE MELILLA"]
[BlackTeam "HOTELAN.COM - BINISSALEM"]

1. d4 d5 2. e3 c6 3. c4 Nf6 4. Nc3 e6 5. a3 Nbd7 6. Nf3 Bd6 7. Bd3 O-O 8. c5
Bc7 9. b4 e5 10. dxe5 Nxe5 11. Nxe5 Bxe5 12. Qc2 Re8 13. Bb2 Bg4 14. h3 Bh5 15.
g4 Bg6 16. Bxg6 fxg6 17. O-O-O b6 18. cxb6 axb6 19. g5 Nd7 20. h4 Qe7 21. h5
gxh5 22. Rxh5 g6 23. Rh4 Bg7 24. Rdh1 Nf8 25. Ne2 Qxg5 26. Bxg7 Kxg7 27. Nf4
Qf6 28. Qb2 Qxb2+ 29. Kxb2 Red8 30. Rxh7+ Nxh7 31. Ne6+ Kg8 32. Nxd8 Rxd8 0-1

[Event "ESP tch Segunda División 2014"]
[Site "Linares ESP"]
[Date "2014.08.20"]
[Round "4.1"]
[White "Forcen Esteban, Daniel"]
[Black "Ibarra Jerez, Jose Carlos"]
[Result "1-0"]
[WhiteElo "2536"]
[BlackElo "2521"]
[PlyCount "133"]
[EventDate "2014.08.18"]
[EventType "team-swiss"]
[EventRounds "6"]
[EventCountry "ESP"]
[Source "lmi"]
[SourceDate "2014.08.18"]
[WhiteTeam "JAIME CASAS"]
[BlackTeam "INTERNATIONAL TOTANA CHESS CLUB"]

1. d4 Nf6 2. Nf3 d6 3. Nc3 Bg4 4. e4 e6 5. h3 Bh5 6. Bd3 Be7 7. Be3 c6 8. Qe2
d5 9. exd5 Bxf3 10. Qxf3 cxd5 11. Qg3 O-O 12. Ne2 Nc6 13. c3 a6 14. O-O Nh5 15.
Qf3 g6 16. Bh6 Ng7 17. Rfd1 Bg5 18. Bxg5 Qxg5 19. Qe3 Qf6 20. b3 Rfd8 21. Rac1
Rd6 22. Nf4 Rad8 23. Re1 Rc8 24. g3 Re8 25. Bf1 Nf5 26. Qd2 Qg5 27. Bg2 Rc8 28.
Qb2 Rc7 29. Nd3 Rd8 30. h4 Qf6 31. Qd2 Kg7 32. Nf4 Rdc8 33. h5 Nce7 34. hxg6
hxg6 35. Bf3 Rh8 36. Kg2 Rcc8 37. Rh1 Nc6 38. Nd3 Nd6 39. Qe3 a5 40. Nc5 Rxh1
41. Rxh1 Rh8 42. Rxh8 Kxh8 43. a4 Kg7 44. Be2 b6 45. Nd3 Ne4 46. Nf4 Nd6 47.
Qd3 Qd8 48. f3 Nf5 49. Qd2 Qd6 50. Bd3 Nxg3 51. Kxg3 g5 52. Kg4 f5+ 53. Kh5
gxf4 54. Qg2+ Kf8 55. Qg6 Ke7 56. Bb5 Kd8 57. Qf6+ Kc7 58. Kg6 Kc8 59. Kf7 Qd7+
60. Kf8 Qd6+ 61. Kg7 Nd8 62. Qf8 Qc7+ 63. Kf6 Kb8 64. Qe7 Qc8 65. Bd7 Qxc3 66.
Qxd8+ Ka7 67. Kxe6 1-0

[Event "ESP tch Segunda División 2014"]
[Site "Linares ESP"]
[Date "2014.08.20"]
[Round "4.1"]
[White "Ibarra Jerez, Juan Miguel"]
[Black "Garza Marco, Sergio"]
[Result "1/2-1/2"]
[WhiteElo "2249"]
[BlackElo "2445"]
[PlyCount "104"]
[EventDate "2014.08.18"]
[EventType "team-swiss"]
[EventRounds "6"]
[EventCountry "ESP"]
[Source "lmi"]
[SourceDate "2014.08.18"]
[WhiteTeam "INTERNATIONAL TOTANA CHESS CLUB"]
[BlackTeam "JAIME CASAS"]

1. g3 f5 2. Bg2 Nf6 3. d4 g6 4. c4 Bg7 5. Nc3 d6 6. Nf3 O-O 7. O-O c6 8. Qc2
Na6 9. Rb1 Qe8 10. b4 Nc7 11. b5 h6 12. a4 g5 13. a5 Bd7 14. Re1 Ne4 15. Nxe4
fxe4 16. Nd2 Bxd4 17. e3 Bg7 18. Bxe4 Qf7 19. f4 cxb5 20. Bg6 Qe6 21. f5 Qe5
22. Bb2 Qc5 23. Ne4 Qxc4 24. Qxc4+ bxc4 25. Bxg7 Kxg7 26. Rxb7 Rfc8 27. Nc3 a6
28. e4 Rab8 29. Rb6 Nb5 30. Nd5 Rxb6 31. axb6 e6 32. fxe6 Bxe6 33. Bf5 Kf7 34.
Rc1 c3 35. Nxc3 Nxc3 36. b7 Rb8 37. Rxc3 Rxb7 38. Rc6 Bxf5 39. exf5 Ra7 40.
Rxd6 a5 41. Rxh6 Kg7 42. Rg6+ Kh7 43. Re6 a4 44. Re2 a3 45. Ra2 g4 46. h3 gxh3
47. Kh2 Kh6 48. Kxh3 Kg5 49. g4 Ra4 50. Kg3 Rxg4+ 51. Kf3 Rh4 52. Ke3 Kxf5
1/2-1/2

[Event "ESP tch Segunda División 2014"]
[Site "Linares ESP"]
[Date "2014.08.20"]
[Round "4.1"]
[White "Ramiro Ovejero, Juan Luis"]
[Black "Tudela Corbalan, Carlos"]
[Result "1-0"]
[WhiteElo "2364"]
[BlackElo "2189"]
[PlyCount "47"]
[EventDate "2014.08.18"]
[EventType "team-swiss"]
[EventRounds "6"]
[EventCountry "ESP"]
[Source "lmi"]
[SourceDate "2014.08.18"]
[WhiteTeam "JAIME CASAS"]
[BlackTeam "INTERNATIONAL TOTANA CHESS CLUB"]

1. e4 g6 2. d4 Bg7 3. Nf3 d6 4. Bd3 Nd7 5. O-O e6 6. c4 Ne7 7. Nc3 O-O 8. Be3
h6 9. Qd2 Kh7 10. Rad1 f5 11. Bb1 Nf6 12. h3 Nh5 13. exf5 exf5 14. Ne2 d5 15.
c5 g5 16. Ne5 Kg8 17. f4 g4 18. hxg4 fxg4 19. f5 Nxf5 20. Bxf5 Bxf5 21. Bxh6
Qf6 22. Nxg4 Qg6 23. Bxg7 Qxg7 24. Nh6+ 1-0

[Event "ESP tch Segunda División 2014"]
[Site "Linares ESP"]
[Date "2014.08.20"]
[Round "4.2"]
[White "Perez Garcia, Roberto"]
[Black "Abal Cores, Lucas"]
[Result "0-1"]
[WhiteElo "2138"]
[BlackElo "2130"]
[PlyCount "86"]
[EventDate "2014.08.18"]
[EventType "team-swiss"]
[EventRounds "6"]
[EventCountry "ESP"]
[Source "lmi"]
[SourceDate "2014.08.18"]
[WhiteTeam "ALEKHINE ESPARTINAS"]
[BlackTeam "CLUB XADREZ FONTECARMOA"]

1. d4 Nf6 2. c4 e6 3. g3 Be7 4. Bg2 O-O 5. Nf3 b6 6. O-O Bb7 7. Nbd2 c5 8. b3
d6 9. Bb2 Nbd7 10. Qc2 Qc7 11. e4 cxd4 12. Nxd4 Rac8 13. Rae1 Rfd8 14. Qd1 Nc5
15. Qe2 Nfd7 16. f4 a6 17. g4 Bf6 18. g5 Bxd4+ 19. Bxd4 e5 20. Be3 exf4 21.
Rxf4 Ne5 22. Ref1 Ne6 23. R4f2 b5 24. Bh3 bxc4 25. Nxc4 Nxc4 26. Rxf7 Qxf7 27.
Rxf7 Kxf7 28. bxc4 Re8 29. Qh5+ Kg8 30. g6 hxg6 31. Qxg6 Nf8 32. Qxd6 Rxc4 33.
e5 Rc6 34. Qd5+ Kh8 35. Qf7 Rg6+ 36. Kf2 Bc6 37. Bf5 Rg2+ 38. Ke1 Bb5 39. Bg4
Rxh2 40. e6 Rh1+ 41. Kf2 Rg1 42. Bf5 Rc1 43. Bxc1 Ra8 0-1

[Event "ESP tch Segunda División 2014"]
[Site "Linares ESP"]
[Date "2014.08.20"]
[Round "4.2"]
[White "Santos Ruiz, Miguel"]
[Black "Gonzalez Diaz, Julio"]
[Result "1/2-1/2"]
[WhiteElo "2306"]
[BlackElo "2286"]
[PlyCount "85"]
[EventDate "2014.08.18"]
[EventType "team-swiss"]
[EventRounds "6"]
[EventCountry "ESP"]
[Source "lmi"]
[SourceDate "2014.08.18"]
[WhiteTeam "ALEKHINE ESPARTINAS"]
[BlackTeam "CLUB XADREZ FONTECARMOA"]

1. e4 g6 2. d4 Bg7 3. Nc3 c6 4. h3 d5 5. Nf3 Nh6 6. Bd3 O-O 7. Qe2 dxe4 8. Nxe4
Nf5 9. c3 Nd7 10. O-O Nf6 11. Bf4 Nxe4 12. Bxe4 Nd6 13. Bc2 Be6 14. Ne5 Qc8 15.
Nd3 Re8 16. Rfe1 b6 17. Bb3 Bxb3 18. axb3 Nb5 19. Qe4 Qb7 20. Nb4 Rac8 21. d5
cxd5 22. Nxd5 Kf8 23. Bg5 e6 24. Qb4+ Rc5 25. Be3 Qxd5 26. c4 a5 27. Bxc5+ Qxc5
28. Qxc5+ bxc5 29. cxb5 Bxb2 30. Ra2 Bc3 31. Re3 Bb4 32. Ra1 Rd8 33. Kf1 Ke7
34. Ke2 Rb8 35. Rd1 Rxb5 36. Red3 Rb7 37. Re3 h5 38. Kd3 Rd7+ 39. Kc2 Rc7 40.
Kd3 Rd7+ 41. Kc2 Rc7 42. Kd3 Rd7+ 43. Ke4 1/2-1/2

[Event "ESP tch Segunda División 2014"]
[Site "Linares ESP"]
[Date "2014.08.20"]
[Round "4.2"]
[White "Suarez Gomez, Julio"]
[Black "Aranaz Murillo, Amalia"]
[Result "1/2-1/2"]
[WhiteElo "2294"]
[BlackElo "2314"]
[PlyCount "119"]
[EventDate "2014.08.18"]
[EventType "team-swiss"]
[EventRounds "6"]
[EventCountry "ESP"]
[Source "lmi"]
[SourceDate "2014.08.18"]
[WhiteTeam "CLUB XADREZ FONTECARMOA"]
[BlackTeam "ALEKHINE ESPARTINAS"]

1. e4 c6 2. d4 d5 3. Nc3 dxe4 4. Nxe4 Bf5 5. Ng3 Bg6 6. Nh3 Nf6 7. Nf4 Nbd7 8.
c3 Qc7 9. Qf3 e5 10. Nxg6 hxg6 11. Be3 Nd5 12. Bc4 N7b6 13. Bb3 O-O-O 14. O-O-O
Nxe3 15. fxe3 exd4 16. exd4 f5 17. Ne2 Be7 18. g3 Bg5+ 19. Kb1 Rde8 20. h4 Bh6
21. g4 Re3 22. Qg2 Rhe8 23. Rde1 fxg4 24. Qxg4+ Qd7 25. Qxd7+ Kxd7 26. Rh2 Nd5
27. Bxd5 cxd5 28. Rg2 R8e4 29. a4 Ke7 30. Ka2 Rxh4 31. Rf1 Rhe4 32. Nc1 Re6 33.
Kb3 Rh3 34. Ne2 Rd3 35. Nf4 Bxf4 36. Rxf4 Rb6+ 37. Ka2 Re3 38. Rfg4 Kf7 39. Rg5
Rd6 40. Rf2+ Rf6 41. Rfg2 Rd6 42. Rf2+ Ke7 43. Rfg2 Ree6 44. b3 Kf7 45. Kb2 Rf6
46. Kc2 Rf5 47. R5g3 Rdf6 48. c4 Rf3 49. Rxf3 Rxf3 50. cxd5 Rf5 51. Kd3 Rxd5
52. Ke4 Rd6 53. b4 Ke7 54. d5 Rf6 55. Ke5 Kd7 56. b5 b6 57. Rg3 Ke7 58. Rg2
Rf5+ 59. Ke4 Rf6 60. Ke5 1/2-1/2

[Event "ESP tch Segunda División 2014"]
[Site "Linares ESP"]
[Date "2014.08.20"]
[Round "4.2"]
[White "Torrado Quintela, Julio"]
[Black "Gutierrez Valero, Mario"]
[Result "1/2-1/2"]
[WhiteElo "2247"]
[BlackElo "2198"]
[PlyCount "117"]
[EventDate "2014.08.18"]
[EventType "team-swiss"]
[EventRounds "6"]
[EventCountry "ESP"]
[Source "lmi"]
[SourceDate "2014.08.18"]
[WhiteTeam "CLUB XADREZ FONTECARMOA"]
[BlackTeam "ALEKHINE ESPARTINAS"]

1. e4 c5 2. Nf3 Nc6 3. Nc3 e5 4. Bc4 Be7 5. d3 Nf6 6. Ng5 O-O 7. f4 d5 8. Nxd5
Nxd5 9. exd5 Nd4 10. c3 exf4 11. cxd4 Bxg5 12. O-O b5 13. Bb3 cxd4 14. Bxf4 Bb7
15. Qh5 Bxf4 16. Rxf4 Qd6 17. Raf1 g6 18. Qh6 Qe5 19. Re4 Qg7 20. Qg5 Rad8 21.
Re7 h6 22. Qh4 Bxd5 23. Rexf7 Bxf7 24. Rxf7 Qxf7 25. Bxf7+ Kxf7 26. Qxh6 a6 27.
Qh7+ Kf6 28. Qh4+ Kf7 29. Qe4 Rd6 30. Qf4+ Ke7 31. Qe5+ Re6 32. Qc7+ Ke8 33. h4
Rf7 34. Qb8+ Ke7 35. Qa7+ Ke8 36. Qxd4 Rd7 37. Qh8+ Ke7 38. d4 Red6 39. Qg8 Kf6
40. Qf8+ Ke6 41. Qa8 Kf7 42. Qf3+ Kg7 43. Qa8 Kf7 44. a3 Kg7 45. b3 Kf7 46. Kf2
Rc7 47. Qe4 Rcd7 48. h5 Rf6+ 49. Kg1 gxh5 50. Qh7+ Ke6 51. Qe4+ Kf7 52. d5 Kg7
53. Qe5 h4 54. Qg5+ Kf7 55. Qh5+ Ke7 56. Qe5+ Kf7 57. Qh5+ Ke7 58. Qe5+ Kf7 59.
Qh5+ 1/2-1/2

[Event "ESP tch Segunda División 2014"]
[Site "Linares ESP"]
[Date "2014.08.20"]
[Round "4.3"]
[White "Espinosa Aranda, Angel"]
[Black "Ladron de Guevara Pinto, Paolo"]
[Result "1-0"]
[WhiteElo "2385"]
[BlackElo "2355"]
[PlyCount "65"]
[EventDate "2014.08.18"]
[EventType "team-swiss"]
[EventRounds "6"]
[EventCountry "ESP"]
[Source "lmi"]
[SourceDate "2014.08.18"]
[WhiteTeam "64 VILLALBA"]
[BlackTeam "CLUB AJEDREZ NAZARI"]

1. e4 e6 2. c4 d5 3. cxd5 exd5 4. exd5 Nf6 5. Bb5+ Bd7 6. Bc4 Qe7+ 7. Qe2 b5 8.
Bb3 Na6 9. d4 Nb4 10. Be3 Nbxd5 11. Nc3 Nxe3 12. fxe3 b4 13. Nd5 Nxd5 14. Bxd5
Rb8 15. Nf3 Qd6 16. Bc4 f6 17. O-O Be7 18. Rac1 c6 19. e4 Bg4 20. e5 fxe5 21.
dxe5 Qg6 22. Bd3 Qh5 23. h3 Be6 24. Rxc6 Bd7 25. Rc7 Bd8 26. Rxd7 Kxd7 27. Bb5+
Ke7 28. Qd2 Bb6+ 29. Kh1 Rbd8 30. Qxb4+ Ke6 31. Qc4+ Ke7 32. Ng5 Rd4 33. Rf7+
1-0

[Event "ESP tch Segunda División 2014"]
[Site "Linares ESP"]
[Date "2014.08.20"]
[Round "4.3"]
[White "Garcia Rodriguez, Victor"]
[Black "Napoli, Nicolo"]
[Result "0-1"]
[WhiteElo "2179"]
[BlackElo "2315"]
[PlyCount "139"]
[EventDate "2014.08.18"]
[EventType "team-swiss"]
[EventRounds "6"]
[EventCountry "ESP"]
[Source "lmi"]
[SourceDate "2014.08.18"]
[WhiteTeam "CLUB AJEDREZ NAZARI"]
[BlackTeam "64 VILLALBA"]

1. e4 c6 2. d4 d5 3. Nc3 g6 4. h3 Bg7 5. Nf3 dxe4 6. Nxe4 Nf6 7. Nxf6+ exf6 8.
Be3 O-O 9. Qd2 Be6 10. Bd3 Nd7 11. c4 Re8 12. O-O f5 13. Rfe1 Nf6 14. Bg5 a5
15. Re2 Qb6 16. Be3 Qb4 17. Qc2 Ne4 18. Nd2 Nxd2 19. Rxd2 Rad8 20. Bf1 f4 21.
Bxf4 Rxd4 22. Be3 Bf5 23. a3 Rxd2 24. Bxd2 Qxb2 25. Qxb2 Bxb2 26. Ra2 Bd4 27.
Bxa5 b6 28. Rd2 Bxf2+ 29. Kxf2 bxa5 30. Rd6 Be4 31. Bd3 Bxd3 32. Rxd3 Kg7 33.
Kf3 Re5 34. g3 Kf6 35. Rd6+ Re6 36. Rd7 h5 37. h4 Kg7 38. Kf4 Re2 39. Rd6 Rf2+
40. Ke4 Ra2 41. Rd3 a4 42. Kd4 Rb2 43. Kc5 Rb3 44. Rd1 Rxa3 45. Rc1 Rxg3 46.
Kxc6 Rg4 47. c5 Rxh4 48. Kd5 Rb4 49. c6 Rb8 50. c7 Rc8 51. Kd6 h4 52. Kd7 Rxc7+
53. Kxc7 f5 54. Kd6 Kf6 55. Rg1 f4 56. Kd5 Kf5 57. Kd4 g5 58. Kd3 h3 59. Ke2 g4
60. Kf2 g3+ 61. Kf3 h2 62. Ra1 a3 63. Rc1 Kg5 64. Rc5+ Kh4 65. Kg2 Kg4 66. Rc8
f3+ 67. Kh1 f2 68. Rg8+ Kf4 69. Rf8+ Ke5 70. Re8+ 0-1

[Event "ESP tch Segunda División 2014"]
[Site "Linares ESP"]
[Date "2014.08.20"]
[Round "4.3"]
[White "Lopez del Alamo, Antonio"]
[Black "Cuenca Jimenez, Francisco Javier"]
[Result "0-1"]
[WhiteElo "2275"]
[BlackElo "2172"]
[PlyCount "91"]
[EventDate "2014.08.18"]
[EventType "team-swiss"]
[EventRounds "6"]
[EventCountry "ESP"]
[Source "lmi"]
[SourceDate "2014.08.18"]
[WhiteTeam "64 VILLALBA"]
[BlackTeam "CLUB AJEDREZ NAZARI"]

1. d4 d6 2. c4 g6 3. g3 Bg7 4. Bg2 Nd7 5. Nf3 Ngf6 6. O-O O-O 7. Nc3 c6 8. Re1
Qc7 9. e4 e5 10. h3 b6 11. Be3 Bb7 12. Qc2 Rfe8 13. Rad1 Rad8 14. a3 a6 15. Rd2
h6 16. Red1 exd4 17. Nxd4 Ne5 18. b3 c5 19. Nde2 g5 20. f4 gxf4 21. Bxf4 Qe7
22. g4 h5 23. Ng3 hxg4 24. Nf5 Qf8 25. hxg4 Nfxg4 26. Bh1 Re6 27. Rg2 Nf3+ 28.
Kf1 Rg6 29. Rxg4 Rxg4 30. Bxd6 Rxd6 31. Rxd6 Nd4 32. Qh2 Nxf5 33. exf5 Bxh1 34.
f6 Bh6 35. Rxb6 Bg2+ 36. Kf2 Bf4 37. Qh5 Rg5 38. Qh4 Bg3+ 39. Qxg3 Rxg3 40.
Kxg3 Qh6 41. Na4 Qg5+ 42. Kf2 Be4 43. b4 Qf4+ 44. Ke2 Qf3+ 45. Ke1 Qe3+ 46. Kd1
0-1